| 000 | 00858nas a2200277 4500 | ||
|---|---|---|---|
| 001 | BR2010000562 | ||
| 003 | BR-BrBNA | ||
| 005 | 20231205113851.0 | ||
| 007 | ta | ||
| 008 | 230509b bl.|||p| |||| 00| 00por d | ||
| 040 |
_aBR-BrBNA _bpor _cBiblioteca Nacional de Agricultura |
||
| 041 | _a(Pt) | ||
| 072 | _aF30 | ||
| 100 | 1 | _aAlves, A.F. | |
| 100 | 1 | _aAndrade, M.J.B. de | |
| 100 | 1 | _aRodrigues, J.R. de M. | |
| 100 | 1 | _aVieira, N.M.B. | |
| 245 | 1 | _aDensidades populacionais para cultivares alternativas de feijoeiro no norte de Minas Gerais | |
| 650 | _aFEIJÃO | ||
| 650 | _aVARIEDADE | ||
| 650 | _aDINÂMICA POPULACIONAL | ||
| 650 | _aMINAS GERAIS | ||
| 773 | 0 |
_tCiência e Agrotecnologia (Brazil) _xISSN 1413-7054 _g(Nov-Dec 2009), v. 33(6) p. 1495-1502 _wBR2010000562 |
|
| 909 |
_a202311 _bLúcia _c55 _dLúcia Elande |
||
| 942 |
_2AGRIS _n0 _cANA |
||
| 999 |
_c206025 _d206025 |
||